000 00306nam a2200109Ia 4500
008 200302s9999 xx 000 0 und d
100 _aRakesh kumar and RN Singh
245 _aMunicipal Water and Wastewater Treatment
260 _bCommonwealth of Learning, Cannada LTd.,
260 _c2009
300 _a266 P.,
999 _c2867
_d2867